Statistics for UK Baby Girl Names by Decade

Click here to take the quiz!

General Stats

  • This quiz has been taken 76,300 times
    (20,985 since last reset)
  • The average score is 47 of 122

Answer Stats

DecadesName% Correct
1904, 1914, 1924, 1934, 1944, 1954, 1964Elizabeth
91%
1904, 1914, 1924, 1934, 1944, 1954Mary
86%
1944, 1954Ann
85%
1944, 1954Anne
85%
1904, 1914Annie
85%
1964Catherine
83%
1904, 1914, 1924, 1934, 1944Kathleen
83%
1984, 1994, 2004Katie
83%
1964, 1974, 1984, 1994Sarah
71%
1974, 1984, 1994, 2004Emma
71%
2004, 2014, 2020Olivia
67%
1974, 1984Victoria
66%
1994, 2004, 2014, 2020Emily
66%
1914, 1924Marjorie
66%
1904, 1914, 1924, 1934, 1944, 1954Margaret
66%
1954, 1964Jane
65%
1994, 2004, 2020Charlotte
62%
1944, 1984Jennifer
61%
2014, 2020Sophia
58%
1994, 2004, 2014Sophie
58%
2014Isabelle
56%
1984, 1994, 2004Hannah
56%
2014, 2020Isabella
56%
1944, 1954, 1964, 1974Susan
56%
1964, 1974Julie
54%
1974, 1984, 1994Rachel
54%
1994, 2004, 2014Jessica
53%
1904, 1914Lilian
52%
1904, 2004, 2014, 2020Lily
52%
1984, 1994Laura
51%
1924, 1934, 1944Joan
50%
1944, 1954Carol
50%
1984, 1994, 2004Amy
50%
1964, 1974Caroline
50%
1974, 1984, 1994Rebecca
49%
1944, 1954Christine
48%
1964, 1974Helen
47%
1994, 2004Lucy
47%
1974, 1984Lisa
46%
1964, 1974Karen
46%
2004, 2014, 2020Grace
45%
2004, 2014, 2020Amelia
45%
1904, 1914, 1994Alice
44%
1934, 1944, 1954Patricia
44%
1994Bethany
42%
2014, 2020Ava
42%
1994, 2004, 2014Chloe
41%
1974, 1984, 1994Samantha
41%
2004, 2014, 2020Ella
41%
1924, 1934, 1944, 1954Barbara
40%
1974, 1984Louise
40%
1954, 1964Linda
40%
1994, 2004Megan
40%
1964, 1974Amanda
39%
2004Abigail
39%
1974, 1984Nicola
39%
2004, 2014, 2020Mia
38%
1994Lauren
37%
1974, 1984Michelle
37%
1964Diane
37%
1974, 1984Claire
36%
1974Clare
36%
1964Deborah
36%
1924Betty
35%
1944, 1954, 1964Sandra
33%
1944, 1954Janet
33%
1924, 1934, 1944Jean
33%
1964Alison
32%
1964, 1974Sharon
31%
1984Natalie
31%
2004Ellie
31%
1904, 1914, 1924, 1934Dorothy
30%
1954, 1964Angela
30%
1984Kelly
30%
2004Holly
29%
1974Joanne
29%
1904Ellen
28%
2020Rosie
28%
1964Tracy
27%
1934, 1944Pamela
27%
1964Tracey
27%
1904, 1914Violet
26%
2014Ruby
26%
1904, 1914, 2020Florence
26%
1954, 1964Jacqueline
26%
2014, 2020Poppy
25%
1954Gillian
25%
2014, 2020Isla
24%
1934June
24%
1904, 1914, 1924Doris
23%
1934Brenda
23%
1904, 1914, 2020Ivy
23%
1984Hayley
23%
1904, 1914Edith
23%
1944, 1954Pauline
21%
1984Gemma
21%
2014, 2020Evie
20%
1994Jade
19%
1924Irene
19%
2014Scarlett
19%
1904, 1914, 1924, 2020Elsie
17%
1934, 1944Maureen
17%
2020Freya
17%
1934Audrey
17%
1924Edna
16%
1924, 1934Joyce
16%
1944Valerie
16%
1904, 1914Ethel
16%
1934Shirley
16%
1924Vera
15%
1924, 1934Eileen
15%
1954Lesley
15%
1934Sheila
14%
1934Sylvia
14%
1954Elaine
14%
2020Willow
14%
1924, 1934Doreen
13%
1904, 1914, 1924Gladys
13%
1904, 1914, 1924Winifred
13%
2014Sienna
12%
1914Phyllis
11%
1904, 1914Hilda
11%

Score Distribution

Percentile by Number Answered

Percent of People with Each Score

Your Score History

You have not taken this quiz since the last reset